00743nam a22002297a 45000010005000000030009000050050017000140080041000310100017000720200015000890400028001040820020001321000017001522450088001692500026002572600030002833000048003135000020003616300018003816500025003998560089004242481BD-DhUAP20210118121812.0990927s2000 ii a 001 0 eng  a 99067595  a8176562114 aDLCbengcDLCdBD-DhUAP00a005.133 JER2231 aJerke, Noel.10aVisual Basic developer's guide to e-commerce with ASP and SQL server /cNoel Jerke. aFirst Indian edition. aNew Delhi :bBPB,cc2000. axxvii, 721 pages :billustrations ;c23 cm. aIncludes index.00aVisual Basic. 0aElectronic commerce.423Publisher descriptionuhttp://www.loc.gov/catdir/enhancements/fy0602/99067595-d.html